| 000 | 00727nam a2200205 i 4500 | ||
|---|---|---|---|
| 001 | 127796 | ||
| 003 | ES-MaACL | ||
| 005 | 20230906193103.0 | ||
| 007 | t| | ||
| 008 | 070214s1963 sp r ||||1| spa d | ||
| 100 | 1 |
_aRío Cisneros, Agustín del, _d1909-1992 _997318 |
|
| 245 | 1 | 4 |
_aLos procesos de José Antonio / _cAgustín del Río Cisneros, Enrique Pavón Pereyra. |
| 260 |
_aMadrid : _bEdiciones del Movimiento, _c1963. |
||
| 300 |
_aXXIV, 426 p., [22] h. de lám. ; _c24 cm. |
||
| 600 | 1 | 7 |
_aPrimo de Rivera, José Antonio, _d1903-1936- _xProcesos _2 _9154409 |
| 700 | 1 |
_aPavón Pereyra, Enrique. _989690 |
|
| 710 | 2 |
_aEdiciones del Movimiento. _9171800 |
|
| 852 |
_aES-MaACL _jC-24066 |
||
| 999 |
_c127796 _d127796 |
||